01153 2200217 4500001002100000005001500021007000300036008004100039020002200080035002000102082002000122084002600142100003300168245008800201250001200289260004000301300003000341520049900371600003400870700003100904INLIS00000000000235420260414083517ta260414 j 0 ind  a978-602-6234-12-4 a0010-0426000032 a899.221.308.762 a899.221.308.762 ARU k0 aArul chandrana ( Pengarang )1 aPertempuran di alas tua :bKapten bhukal /cArul chandrana; editor, Dhita Kurniawan a-Cet.II aSemarang :bTiga media prima,c2019 a398 hlm :bilus. ;c21 cm aTidak ada yang curiga bahwa kedatangan Kapten Bhukal akan menjadi awal dari anugerah dan bencana. Anugerah karena ia akan memimpin para hewan mempertahankan wilayahnya dari keserakahan para petani yang suka merusak hutan, bencana karena usaha tersebut akan menjadi perang terbuka antara hewan dan manusia. perang yang belum pernah terjadi sebelumnya. Akan tetapi, itu bukan bencana yang sesungguhnya, karena sebenarnya Kapten Bhukal punya rahasia dari masa lalu yang mati-matian ia sembunyikan. 4afiksi indonesia - fiksi sains0 aDhita Kurniawan ( Editor )